|
|
|
|
| LEADER |
00000 a2200000 4500 |
| 001 |
RU/ROS-EDU.RU/84779 |
| 856 |
4 |
|
|u https://www.ros-edu.ru/book?id=84779
|z Перейти к просмотру издания
|
| 010 |
|
|
|a 978-5-521-05487-9
|
| 100 |
|
|
|a 20170101d2017 |||y0rusy0250
|
| 105 |
|
|
|a y z 000zy
|
| 101 |
0 |
|
|a rus
|
| 102 |
|
|
|a RU
|
| 200 |
1 |
|
|a The Light Princess
|b Электронный ресурс
|f G. MacDonald
|
| 700 |
|
1 |
|b G.
|a MacDonald
|4 070
|
| 330 |
|
|
|a Джордж Макдональд – шотландский романист, автор множества прекрасных книг для детей. Его сказочно-фантастическая проза получила высочайшую оценку Дж. Р. Толкина, а его истории читают до сих пор по всему миру. «Невесомая принцесса» – одна из самых известных и поучительных английских сказок. Она рассказывает удивительную историю о прекрасной, но заколдованной принцессе, которая стала совершенно бездушной и невесомой… Читайте зарубежную литературу в оригинале!
|
| 210 |
|
|
|a Москва
|c T8RUGRAM
|d 2017
|
| 610 |
1 |
|
|a художественная литература
|
| 610 |
1 |
|
|a английский язык
|
| 610 |
1 |
|
|a зарубежная проза
|
| 610 |
1 |
|
|a классика
|
| 610 |
1 |
|
|a детская литература
|
| 610 |
1 |
|
|a сказка
|
| 610 |
1 |
|
|a принцесса
|
| 675 |
|
|
|a 82
|
| 686 |
|
|
|a 84
|2 rubbk
|
| 300 |
|
|
|a Книга находится в премиум-версии платформы «Русский как иностранный».
|
| 215 |
|
|
|a 102 с.
|